000 01471cad a22002415a 4500
001 E148631
008 091013e20090903xxkb f s000 0 eng d
035 _a(Sirsi) u148631
041 0 _aeng
050 0 4 _a306.1 $2 18
100 1 _aBurgess, Lizzy
245 0 4 _aThe Scottish housing market
_bupdate
_h[electronic resource]
260 _aEdinburgh
_bScottish Parliament
_c2009
490 0 _aSPICe Briefing
_v(09/58) 3 September 2009
505 2 _aExecutive summary -- Introduction -- House prices -- Geographical variations -- Housing market activity -- Mortgage lending -- Affordability -- First-time buyers -- Mortgage difficulties -- Support for homeowners: mortgage to shared equity scheme; mortgage to rent scheme -- Housebuilding industry -- Scottish Government policy measures -- Sources -- Related briefings
520 _aSets out the ways in which the economic downturn is affecting the housing market in Scotland. Provides information on house prices, the housing market, affordability, support for first-time buyers and homeowners, mortgage arrears and repossessions and the housebuilding industry. Updates briefing 09/05 (see E147696).
521 _aAdvanced
590 _aKA
651 4 _aScotland
_y1999-
690 _aPROPERTY-RESIDENTIAL PROPERTY-RESIDENTIAL PROPERTY MARKET
856 4 0 _uhttps://www.scottish.parliament.uk/business/research/briefings-09/SB09-58.pdf
_zView the briefing free of charge at www.scottish.parliament.uk
942 _n0
999 _c110140
_d110140